С Новым годом! (Запись № 13418440)

Подробности
000 -МАРКЕР
контрольное поле 04206nkm0a2200613 4500
001 - ИДЕНТИФИКАТОР ЗАПИСИ
контрольное поле RU\NLR\BIBL_A\011793872
005 - ИДЕНТИФИКАТОР ВЕРСИИ
контрольное поле 20260409064158.0
020 ## - НОМЕР ДОКУМЕНТА В НАЦИОНАЛЬНОЙ БИБЛИОГРАФИИ
Код страны российская федерация
Номер 45-422 (вып. 1945, N 1)
Основное заглавие издания Российской книжной палаты Летопись изоизданий / ВКП. - Москва, 1945. - Вып. 1945, N 1
035 ## - ДРУГИЕ СИСТЕМНЫЕ НОМЕРА
Идентификатор записи (NLR Aleph) 011793872
071 50 - ИЗДАТЕЛЬСКИЙ НОМЕР
Номер, присвоенный агентством 2806
Цена 50 к.
-- 7500
100 ## - ДАННЫЕ ОБЩЕЙ ОБРАБОТКИ
Данные общей обработки 20180917d1944 u y0rusy50 ca
101 0# - ЯЗЫК РЕСУРСА
Язык текста, звукозаписи и т.д. русский
102 ## - СТРАНА ПУБЛИКАЦИИ ИЛИ ПРОИЗВОДСТВА
Страна публикации российская федерация
116 ## - ПОЛЕ КОДИРОВАННЫХ ДАННЫХ: ИЗОБРАЗИТЕЛЬНЫЕ МАТЕРИАЛЫ
Кодированные данные для изобразительных материалов. iiycxx bf ae
135 ## - ПОЛЕ КОДИРОВАННЫХ ДАННЫХ: ЭЛЕКТРОННЫЕ РЕСУРСЫ
Кодированные данные для электронного ресурса crcn 024anaba
200 1# - ЗАГЛАВИЕ И СВЕДЕНИЯ ОБ ОТВЕТСТВЕННОСТИ
Основное заглавие С Новым годом!
Общее обозначение материала Изоматериал
Сведения, относящиеся к заглавию почтовая карточка
Первые сведения об ответственности худ.: Т.Ф. Белоцветова
Последующие сведения об ответственности ред.: З.Л. Докторов
210 ## - ПУБЛИКАЦИЯ, РАСПРОСТРАНЕНИЕ И ДР.
Место издания, распространения и т.д. Ленинград
Имя издателя, распространителя и т. д. Искусство
Дата издания, распространения и т.д. 1944
Имя изготовителя ЛТ УН-9
215 ## - ФИЗИЧЕСКАЯ ХАРАКТЕРИСТИКА
Специфическое обозначение материала и объем 1 л.
Другие сведения о физической характеристике хромолитогр.
Размеры 10,4х15
300 ## - ОБЩИЕ ПРИМЕЧАНИЯ
Текст примечания Ценз. разрешение: М-05096
300 ## - ОБЩИЕ ПРИМЕЧАНИЯ
Текст примечания В вып. дан.: Зак. 3086
301 ## - ПРИМЕЧАНИЯ, ОТНОСЯЩИЕСЯ К ИДЕНТИФИКАЦИОННЫМ НОМЕРАМ
Текст примечания Изд. номер: № 2806
316 ## - ПРИМЕЧАНИЯ ОБ ОСОБЕННОСТЯХ ЭКЗЕМПЛЯРА
Текст примечания Экз. РНБ на шифре Э ОИр702/155, Эот15669: 10,3х14,5 см
Организация и экземпляр, к которому относится поле NLR: Э ОИр702/155
325 ## - ПРИМЕЧАНИЕ О КОПИИ
Текст примечания Копия доступна в Электрон. б-ке РНБ
327 0# - ПРИМЕЧАНИЯ О СОДЕРЖАНИИ
Текст примечания Девочка, при помощи матери пишущая письмо отцу, портрет которого в военной форме стоит на столе; рядом украшенная новогодняя елка
606 1# - НАИМЕНОВАНИЕ ТЕМЫ КАК ПРЕДМЕТ
Наименование темы Почтовые открытки маркированные художественные
Географический подзаголовок СССР
Хронологический подзаголовок 1941 - 1945
Системный номер авторитетной/нормативной записи 2592287
Идентификатор авторитетной/нормативной записи RU\NLR\AUTH\661531868
606 1# - НАИМЕНОВАНИЕ ТЕМЫ КАК ПРЕДМЕТ
Наименование темы Дети
Формальный подзаголовок Открытки
Географический подзаголовок СССР
Хронологический подзаголовок 1941 - 1945
Системный номер авторитетной/нормативной записи 2259414
Идентификатор авторитетной/нормативной записи RU\NLR\AUTH\6601584712
606 1# - НАИМЕНОВАНИЕ ТЕМЫ КАК ПРЕДМЕТ
Наименование темы Женщины-матери
Формальный подзаголовок Открытки
Системный номер авторитетной/нормативной записи 2203509
Идентификатор авторитетной/нормативной записи RU\NLR\AUTH\6601558648
606 ## - НАИМЕНОВАНИЕ ТЕМЫ КАК ПРЕДМЕТ
Наименование темы Женщины
Географический подзаголовок СССР
Хронологический подзаголовок 1941 - 1945
Формальный подзаголовок Открытки
Идентификатор авторитетной/нормативной записи RU\NLR\AUTH\661497102
Системный номер авторитетной/нормативной записи 2527121
610 1# - НЕКОНТРОЛИРУЕМЫЕ ПРЕДМЕТНЫЕ ТЕРМИНЫ
Предметный термин Поздравительные открытки
610 1# - НЕКОНТРОЛИРУЕМЫЕ ПРЕДМЕТНЫЕ ТЕРМИНЫ
Предметный термин Новогодние открытки
610 1# - НЕКОНТРОЛИРУЕМЫЕ ПРЕДМЕТНЫЕ ТЕРМИНЫ
Предметный термин Новогодняя елка
610 1# - НЕКОНТРОЛИРУЕМЫЕ ПРЕДМЕТНЫЕ ТЕРМИНЫ
Предметный термин Девочки
686 1# - ИНДЕКСЫ ДРУГИХ КЛАССИФИКАЦИЙ
Индекс Щ153(2)7-489
700 #1 - ИМЯ ЛИЦА - ПЕРВИЧНАЯ ОТВЕТСТВЕННОСТЬ
Код отношения Карикатурист, Художник
Начальный элемент ввода Белоцветова
Часть имени, кроме начального элемента ввода Т. Ф.
Даты 1902-ок.1982
Расширение инициалов личного имени Татьяна Федоровна
Системный номер авторитетной/нормативной записи 198400
Идентификатор авторитетной/нормативной записи RU\NLR\AUTH\770198451
702 #1 - ИМЯ ЛИЦА - ВТОРИЧНАЯ ОТВЕТСТВЕННОСТЬ
Код отношения Редактор
Начальный элемент ввода Докторов
Часть имени, кроме начального элемента ввода З. Л.
Даты 1906-1948
Расширение инициалов личного имени Зусман Львович
Системный номер авторитетной/нормативной записи 128120
Идентификатор авторитетной/нормативной записи RU\NLR\AUTH\770128146
712 02 - НАИМЕНОВАНИЕ ОРГАНИЗАЦИИ - ВТОРИЧНАЯ ОТВЕТСТВЕННОСТЬ
Код отношения Издатель
Начальный элемент ввода "Искусство", издательство
Идентифицирующий признак Москва
Структурное подразделение Ленинградское отделение
Идентификатор авторитетной/нормативной записи RU\NLR\AUTH\880384788
Системный номер авторитетной/нормативной записи 435883
712 02 - НАИМЕНОВАНИЕ ОРГАНИЗАЦИИ - ВТОРИЧНАЯ ОТВЕТСТВЕННОСТЬ
Код отношения Печатник (типограф)
Начальный элемент ввода Ленинградское городское управление издательств и полиграфии
Структурное подразделение Типография
Идентифицирующий признак 9
Идентификатор авторитетной/нормативной записи RU\NLR\AUTH\880358701
Системный номер авторитетной/нормативной записи 384845
830 ## - ОБЩЕЕ ПРИМЕЧАНИЕ, СОСТАВЛЕННОЕ КАТАЛОГИЗАТОРОМ
Текст примечания Т.Ф. Белоцветова: Сражающийся Ленинград. Почтовая открытка = Postcard. Leningrad in strugle : энциклопедический каталог / А.Д. Гдалин, М.Р. Иванова ; [Союз проф. литераторов России и др.]. - Санкт-Петербург : Инфо-Да, 2007. - С. 396. А.Я. ОЭст
830 ## - ОБЩЕЕ ПРИМЕЧАНИЕ, СОСТАВЛЕННОЕ КАТАЛОГИЗАТОРОМ
Текст примечания Сражающийся Ленинград. Почтовая открытка = Postcard. Leningrad in strugle : энциклопедический каталог / А.Д. Гдалин, М.Р. Иванова ; [Союз проф. литераторов России и др.]. - Санкт-Петербург : Инфо-Да, 2007. - № 550 (с. 106, 213). А.Я. ОЭст
852 00 - МЕСТОНАХОЖДЕНИЕ И ШИФР ХРАНЕНИЯ
Идентификатор организации NLR
Наименование фонда или коллекции (Sub-Location Identifier) Э
Шифр хранения (Call Number) ОИр702,1-3/1944-Б
Идентификатор единицы Эот99530
852 00 - МЕСТОНАХОЖДЕНИЕ И ШИФР ХРАНЕНИЯ
Идентификатор организации NLR
Наименование фонда или коллекции (Sub-Location Identifier) Э
Шифр хранения (Call Number) ОИр702/155
Идентификатор единицы Эот15669
856 #0 - МЕСТОНАХОЖДЕНИЕ ЭЛЕКТРОННЫХ РЕСУРОВ И ДОСТУП К НИМ
Универсальный идентификатор ресурса (Uniform Resource Identifier) http://vivaldi.nlr.ru/lo000071852/view
856 #1 - МЕСТОНАХОЖДЕНИЕ ЭЛЕКТРОННЫХ РЕСУРОВ И ДОСТУП К НИМ
Универсальный идентификатор ресурса (Uniform Resource Identifier) http://vivaldi.nlr.ru/lo000071852/cover
856 #2 - МЕСТОНАХОЖДЕНИЕ ЭЛЕКТРОННЫХ РЕСУРОВ И ДОСТУП К НИМ
Универсальный идентификатор ресурса (Uniform Resource Identifier) http://vivaldi.nlr.ru/lo000071852/text
942 ## - ДОПОЛНИТЕЛЬНЫЕ ЭЛЕМЕНТЫ ЗАПИСИ (АБИС)
Тип экземпляра АБИС Визуальный материал
945 ## - Информацию об издании предоставили:
Полное название организации, предоставившей материал Российская национальная библиотека
980 ## - КОЛЛЕКЦИЯ
Название коллекции Национальная библиография
980 ## - КОЛЛЕКЦИЯ
Название коллекции Библиография Победы
981 17 - КОЛЛЕКЦИЯ ЭЛЕКТРОННОЙ БИБЛИОТЕКИ
Название коллекции Изографические материалы
Название подколлекции Открытки
Экземпляры
Тип экземпляра Дата поступления Библиотека постоянного хранения Библиотека текущего хранения Место хранения Шифр хранения Штрих-код Статус не для выдачи
Визуальный материал 17.09.2018 РНБ (Садовая) РНБ (Садовая) Фонд эстампов и фотографий, Лист. Э ОИр702,1-3/1944-Б ERR-123836  
Визуальный материал 13.09.2023 РНБ (Садовая) РНБ (Садовая) Фонд эстампов и фотографий, Лист. Э ОИр702/155 ERR-294573